00714nam a2200229u 450000500170000000800410001701000130005802000250007102000220009603500130011803500130013103700160014404000180016008200060017810000210018424500750020526000380028027000570031830000280037549000610040370000200046400000000000000.0810522s1962 nyua j 00| 1 eng  aB-357824 a9780746060049c65.00 a0746060041c65.00 aB-357824 aB-345585 bTarun Books adplbEnglish  aS aPunter, Russell  aStories of monsters /cby Russell Punter; illustrated by Mike Phillips aLondonbUsborne Publishing c2004 aUsborne House, 83-85 Saffron HillbLondon eEC1N 8RT a48p. :bill.c20cm(pbk) aUsborne young reading; edited by Lesley Simsvseries one aPhillips, Mike